000 00514nam a22001817a 4500
003 BD-DhUL
005 20190312161622.0
008 181017s1938 pk ||||| |||| 00| 0 urd d
040 _aBD-DhUL
_cBD-DhUL
082 _a891.433
_bZUS
100 3 0 _aزہرا رضویہ۔
245 0 0 _aصندل اور آگ /
_cزہرا رضویہ۔
246 _aṢandel awr Āag
260 _aکراچی :
_bسکین ادب،
_c۱۹۳۸۔
300 _aص۔ ۴۵۶ ؛
_c ۱۸ سم۔
650 4 _aUrdu fiction.
942 _2ddc
_cBK
999 _c246549
_d246549